[Event "Ch Yugoslavia"]
[Site "masterchessopen.com Zagreb (Croatia)"]
[Round "11"]
[White "Nedeljkovic Srecko (SRB)"]
[Black "Matanovic Aleksandar (SRB)"]
[Result "1-0"]
[WhiteElo "2188"]
[BlackElo "2490"]

1.d4 Nf6 2.c4 e6 3.Nf3 b6 4.g3 Bb7 5.Bg2 Bb4+ 6.Bd2 Bxd2+ 7.Qxd2 O-O 8.O-O d6
9.Qc2 c5 10.Nc3 Nc6 11.Rad1 Qe7 12.e4 e5 13.dxe5 dxe5 14.Nd5 Nxd5 15.exd5 Nd4
16.Nxd4 exd4 17.Rfe1 Qd7 18.Re4 Rae8 19.Bh3 f5 20.Rxe8 Qxe8 21.Bxf5 Qh5
22.Be6+ Kh8 23.f4 b5 24.cxb5 Rd8 25.g4 Qe8 26.Qxc5 Bxd5 27.Bxd5 Qe2 28.Qxd4
{#r} 1-0

[Event "Cup European Club"]
[Site "masterchessopen.com Stockholm (Sweden)"]
[Round "4"]
[White "Book Eero E (FIN)"]
[Black "Unzicker Wolfgang (GER)"]
[Result "0-1"]
[WhiteElo "2340"]
[BlackElo "2433"]

1.d4 Nf6 2.c4 e6 3.Nf3 b6 4.g3 Bb7 5.Bg2 Bb4+ 6.Bd2 Be7 7.O-O O-O 8.Qc2 c5
9.Nc3 Nc6 10.d5 Nb4 11.Qb1 exd5 12.Nh4 Bc6 13.a3 d4 14.axb4 dxc3 15.bxc3 Bxg2
16.Nxg2 d5 17.cxd5 Qxd5 18.Rd1 Rfd8 19.Ne3 Qh5 20.f3 cxb4 21.cxb4 Qb5 22.Kf2
Nd5 23.Qe4 Nxe3 24.Bxe3 Re8 25.Qb7 Bxb4 26.Rd5 Qc4 27.Re5 Qc3 {#R} 0-1

[Event "Ch Romania"]
[Site "masterchessopen.com Romania"]
[Round "9"]
[White "Ghitescu Theodor (ROM)"]
[Black "Botez Constantin (ROM)"]
[Result "0-1"]
[WhiteElo "2384"]
[BlackElo "2245"]

1.d4 Nf6 2.c4 e6 3.Nf3 b6 4.g3 Bb7 5.Bg2 Bb4+ 6.Nbd2 c5 7.dxc5 Bxc5 8.O-O O-O
9.Nb3 Be7 10.Bf4 Nc6 11.Rc1 d5 12.Ne5 Rc8 13.Nxc6 Bxc6 14.Nd4 Ba8 15.Qa4 Rxc4
16.Rxc4 dxc4 17.Nc6 Bxc6 18.Bxc6 Qd4 19.Qxa7 Bc5 20.Be3 {#R} 0-1

[Event "It"]
[Site "masterchessopen.com Zinnowitz (Germany)"]
[Round "6"]
[White "Bukic Enver (SLO)"]
[Black "Csom Istvan (HUN)"]
[Result "1-0"]
[WhiteElo "2383"]
[BlackElo "2426"]

1.d4 Nf6 2.c4 e6 3.Nf3 b6 4.g3 Bb7 5.Bg2 Bb4+ 6.Bd2 Be7 7.Nc3 d5 8.Ne5 O-O
9.cxd5 exd5 10.Qb3 c6 11.O-O Nbd7 12.Nd3 Re8 13.Rfe1 Bf8 14.Bg5 h6 15.Bxf6
Qxf6 16.e3 h5 17.Qa4 h4 18.Nxd5 Qd6 19.N5b4 b5 20.Qa5 a6 21.Rac1 Rac8 22.a4
Qb8 23.Nxc6 {#r} 1-0

[Event "Ch Bulgaria"]
[Site "masterchessopen.com Sofia (Bulgaria)"]
[Date "1970.02.24"]
[Round "4"]
[White "Popov Luben (BUL)"]
[Black "Radev Nikolai (BUL)"]
[Result "1-0"]
[WhiteElo "2317"]
[BlackElo "2304"]

1.d4 Nf6 2.c4 e6 3.Nf3 b6 4.g3 Bb7 5.Bg2 Bb4+ 6.Bd2 Bxd2+ 7.Qxd2 O-O 8.O-O c5
9.Nc3 cxd4 10.Qxd4 Nc6 11.Qf4 Rc8 12.Rac1 d5 13.Rfd1 Re8 14.cxd5 exd5 15.Nd4
Ne5 16.Nf5 g6 17.Ne3 Rc5 18.b4 Rc7 19.Ncxd5 Nxd5 20.Nxd5 Bxd5 21.Bxd5 Rxc1
22.Qxc1 Qe7 23.a3 Ng4 24.Bf3 Ne5 25.Bg2 h5 26.Qf4 Rc8 27.Rc1 Rd8 28.h3 b5
29.Rc5 Nc4 30.Rxb5 Qxe2 31.Kh2 Ne3 32.Rb8 {#r} 1-0

[Event "Ch Netherlands"]
[Site "masterchessopen.com Leeuwarden (Netherlands)"]
[Round "2"]
[White "Langeweg Kick (NED)"]
[Black "Timman Jan H (NED)"]
[Result "0-1"]
[WhiteElo "2450"]
[BlackElo "2585"]

1.d4 Nf6 2.c4 e6 3.Nf3 b6 4.g3 Bb7 5.Bg2 Bb4+ 6.Bd2 Be7 7.O-O O-O 8.Nc3 Na6
9.Ne1 d5 10.cxd5 exd5 11.Nd3 Ne4 12.Bf4 c5 13.dxc5 Naxc5 14.Be5 Re8 15.Nf4 Bg5
16.Bd4 Bxf4 17.gxf4 Qh4 18.Nxe4 Nxe4 19.Be3 Nf6 20.Bd2 Ba6 {#R} 0-1

[Event "It (b)"]
[Site "masterchessopen.com London (England)"]
[Round "6"]
[White "Kouatly Bachar (FRA)"]
[Black "Van Der Sterren Paul (NED)"]
[Result "1-0"]
[WhiteElo "2453"]
[BlackElo "2516"]

1.d4 Nf6 2.c4 e6 3.Nf3 b6 4.g3 Bb7 5.Bg2 Bb4+ 6.Bd2 Be7 7.Nc3 O-O 8.O-O Na6
9.Qa4 Qc8 10.Rfe1 d5 11.Ne5 c5 12.cxd5 exd5 13.Rac1 Ne4 14.Nxe4 dxe4 15.b4 Rd8
16.bxc5 bxc5 17.e3 f6 18.Nc4 Qe6 19.Na5 Bd5 20.Bf1 cxd4 21.Nc6 Nc5 22.Nxe7+
Qxe7 23.Qa3 dxe3 24.Bxe3 Qe6 25.Rxc5 Bxa2 26.Ra5 {#r} 1-0

[Event "It (w)"]
[Site "masterchessopen.com Piotrkow Trybunalski (Poland)"]
[Date "1979.05.19"]
[Round "1"]
[White "Pytel Bozena (FRA)"]
[Black "Zatulovskaya Tatiana (ISR)"]
[Result "0-1"]
[WhiteElo "1919"]
[BlackElo "2027"]

1.d4 Nf6 2.c4 e6 3.Nf3 b6 4.g3 Bb7 5.Bg2 Bb4+ 6.Bd2 Be7 7.Nc3 O-O 8.O-O Na6
9.Rc1 Re8 10.Qc2 c5 11.e4 cxd4 12.Nxd4 Nb4 13.Qb1 d5 14.cxd5 exd5 15.exd5
Nbxd5 16.Nxd5 Bxd5 17.Be3 Bxg2 18.Kxg2 Ng4 19.Nf5 Qd5+ 20.Kg1 g6 21.Nxe7+ Rxe7
22.Rcd1 Qh5 23.h4 Nxe3 24.fxe3 Rxe3 25.Rd3 Qe5 26.Rxe3 Qxe3+ 27.Kg2 Rd8 28.Rf2
Rd3 {#R} 0-1

[Event "Ch Sweden"]
[Site "masterchessopen.com Sweden"]
[Round "0"]
[White "Bjork Carl-Magnus (SWE)"]
[Black "Johansson Mikael (SWE)"]
[Result "1-0"]
[WhiteElo "2334"]
[BlackElo "2284"]

1.d4 Nf6 2.Nf3 e6 3.g3 b6 4.Bg2 Bb7 5.c4 Bb4+ 6.Bd2 Be7 7.Nc3 O-O 8.Qc2 d5
9.cxd5 exd5 10.O-O Na6 11.Rac1 c5 12.Rfd1 Nb4 13.Qb1 c4 14.Ne5 Nc6 15.Bg5 Nxe5
16.dxe5 Ng4 17.Bxe7 Qxe7 18.Nxd5 Qxe5 19.h3 Rad8 20.e4 Bxd5 21.exd5 Nf6
22.Rxc4 Nxd5 23.Rcd4 {#r} 1-0

[Event "Ch Malaga"]
[Site "masterchessopen.com Malaga (Spain)"]
[Date "1980.03.15"]
[Round "12"]
[White "Aguiar Garcia Juan (ESP)"]
[Black "Ruiz Gutierrez Manuel (ESP)"]
[Result "0-1"]
[WhiteElo "2105"]
[BlackElo "2194"]

1.d4 Nf6 2.c4 e6 3.Nf3 b6 4.g3 Bb7 5.Bg2 Bb4+ 6.Bd2 Be7 7.Nc3 O-O 8.Qc2 d5
9.Ne5 Nc6 10.Nxc6 Bxc6 11.O-O Qd7 12.cxd5 exd5 13.Rac1 Bb7 14.Rfd1 Rfe8 15.Bg5
h6 16.Bxf6 Bxf6 17.e3 a5 18.Bf1 Re7 19.Qa4 c6 20.Qc2 b5 21.Bd3 Rd8 22.Bf5 Qe8
23.Qe2 g6 24.Bb1 Bg7 25.g4 Red7 26.h3 Qe7 27.Kg2 Re8 28.Qf3 Rd6 29.Qg3 Bf6
30.Bd3 Bh4 31.Qh2 Rf6 32.Rf1 Bxf2 {#R} 0-1

[Event "?"]
[Site "masterchessopen.com Brighton (England)"]
[Round "0"]
[White "Sigurjonsson Gudmundur (ISL)"]
[Black "Tisdall Jonathan D (NOR)"]
[Result "1-0"]
[WhiteElo "2440"]
[BlackElo "2415"]

1.Nf3 Nf6 2.c4 e6 3.g3 b6 4.Bg2 Bb7 5.d4 Bb4+ 6.Bd2 a5 7.Nc3 O-O 8.O-O d6 9.d5
Bxc3 10.Bxc3 exd5 11.Nh4 Ne4 12.Rc1 Nxc3 13.Rxc3 c6 14.cxd5 c5 15.e4 Na6 16.f4
Nc7 17.Qh5 Nb5 18.Re3 Nd4 19.g4 g6 20.Qh6 Qf6 21.Nf5 Nxf5 22.gxf5 Qg7 23.Qh4
f6 24.Rg3 Rae8 25.Kh1 b5 26.Bf3 Kf7 27.fxg6+ hxg6 28.Rxg6 {#r} 1-0

[Event "Ch Scotland"]
[Site "masterchessopen.com St. Andrews (Scotland)"]
[Date "1981.07.26"]
[Round "2"]
[White "Kopec Danny (USA)"]
[Black "Norris Alan J (SCO)"]
[Result "1-0"]
[WhiteElo "2336"]
[BlackElo "2304"]

1.d4 Nf6 2.Nf3 e6 3.g3 b6 4.Bg2 Bb7 5.c4 Bb4+ 6.Nbd2 O-O 7.O-O Be7 8.b3 c5
9.Bb2 cxd4 10.Nxd4 Bxg2 11.Kxg2 Qc8 12.e4 Nc6 13.f3 Nxd4 14.Bxd4 d6 15.Rc1 Qb7
16.Qe2 Nd7 17.Rfd1 a6 18.Nf1 Rfd8 19.Rc2 Nc5 20.Ne3 Rd7 21.Rcd2 Rdd8 22.Bc3
Rac8 23.Kg1 Qc7 24.Bd4 Qb8 25.Ng4 b5 26.Ne3 bxc4 27.Nxc4 d5 28.exd5 Rxd5
29.Kg2 Qa8 30.Nb6 {#r} 1-0

[Event "It (cat.9)"]
[Site "masterchessopen.com Rome (Italy)"]
[Round "3"]
[White "Soos Bela (GER)"]
[Black "Unzicker Wolfgang (GER)"]
[Result "1-0"]
[WhiteElo "2415"]
[BlackElo "2510"]

1.d4 Nf6 2.c4 e6 3.Nf3 b6 4.g3 Bb7 5.Bg2 Bb4+ 6.Bd2 Be7 7.O-O O-O 8.Nc3 d5
9.Ne5 c6 10.cxd5 cxd5 11.Rc1 Nfd7 12.Bf4 Nxe5 13.Bxe5 Nc6 14.Bf4 f5 15.h4 h6
16.h5 Qd7 17.Re1 Rfd8 18.e3 Bf6 19.g4 Ne7 20.gxf5 Nxf5 21.Qg4 Rac8 22.Bf1 Rf8
23.Bd3 Bc6 24.Rc2 b5 25.Rec1 a6 26.Ne2 Qe8 27.Ng3 Nxg3 28.Qxg3 Bb7 29.Bd6 {#r}
1-0

[Event "It (open) \"]
[Site "masterchessopen.com London (England)"]
[Round "4"]
[White "Trois Francisco R T (BRA)"]
[Black "Large Peter G (ENG)"]
[Result "1-0"]
[WhiteElo "2275"]
[BlackElo "2330"]

1.Nf3 Nf6 2.g3 b6 3.d4 Bb7 4.c4 e6 5.Bg2 Bb4+ 6.Bd2 Be7 7.Nc3 O-O 8.O-O d5
9.cxd5 exd5 10.Qb3 Ne4 11.Bf4 Na6 12.Rfd1 c5 13.Nxe4 dxe4 14.dxc5 Qe8 15.c6
Bxc6 16.Nd4 Ba4 17.Qe3 Bxd1 18.Bxe4 Rc8 19.Bb7 Rc5 20.Rxd1 Nb4 21.Nb3 Rf5
22.a3 Na2 23.Be4 Bc5 24.Nxc5 Rxc5 25.Bd6 Rc4 26.Bd5 Qxe3 27.fxe3 Rc1 28.Rxc1
Nxc1 29.Bxf8 Kxf8 30.Kf2 Ke7 31.Ke1 Kd6 32.Bxf7 {#r} 1-0

[Event "Ch Netherlands"]
[Site "masterchessopen.com Hilversum (Netherlands)"]
[Round "5"]
[White "Van Der Vliet Fred (NED)"]
[Black "Ligterink Gert (NED)"]
[Result "1-0"]
[WhiteElo "2345"]
[BlackElo "2430"]

1.d4 Nf6 2.c4 e6 3.Nf3 b6 4.g3 Bb7 5.Bg2 Bb4+ 6.Bd2 a5 7.O-O O-O 8.Bf4 Be7
9.Nc3 Ne4 10.Rc1 d6 11.Ne1 Nxc3 12.Rxc3 Bxg2 13.Kxg2 f5 14.Qd3 Bf6 15.Rc1 Nd7
16.e4 e5 17.dxe5 dxe5 18.Be3 f4 19.Rd1 Rf7 20.gxf4 exf4 21.Bxf4 Bxb2 22.Bg3
Bf6 23.e5 {#r} 1-0

[Event "It"]
[Site "masterchessopen.com Beer-Sheva (Israel)"]
[Round "9"]
[White "Diker Michael (ISR)"]
[Black "Unzicker Wolfgang (GER)"]
[Result "0-1"]
[WhiteElo "2302"]
[BlackElo "2470"]

1.d4 Nf6 2.c4 e6 3.Nf3 b6 4.g3 Bb7 5.Bg2 Bb4+ 6.Nbd2 O-O 7.O-O d5 8.Qc2 Nbd7
9.a3 Be7 10.cxd5 exd5 11.b4 c5 12.dxc5 bxc5 13.bxc5 Rc8 14.Nb3 Nxc5 15.Bh3 Ne6
16.Qd1 Ne4 17.Be3 Bf6 18.Nbd4 Qd6 19.Nb5 Qe7 20.Nfd4 Rc4 21.Rc1 Nxd4 22.Nxd4
Nc3 23.Nf5 Qc7 24.Qd2 d4 25.Bf4 Be5 26.Bg4 Bxf4 27.Qxf4 Qxf4 28.gxf4 h5
29.Ne7+ Kh8 30.Bxh5 g6 31.Bg4 Re8 {#R} 0-1

[Event "Ch Canada"]
[Site "masterchessopen.com Ottawa (Canada)"]
[Round "7"]
[White "Nickoloff Bryon (CAN)"]
[Black "Zuk Robert D (CAN)"]
[Result "1-0"]
[WhiteElo "2420"]
[BlackElo "2270"]

1.d4 Nf6 2.c4 e6 3.Nf3 b6 4.g3 Bb7 5.Bg2 Bb4+ 6.Bd2 Be7 7.Nc3 O-O 8.Qc2 d5
9.cxd5 exd5 10.O-O c5 11.Rfd1 Nbd7 12.Bf4 c4 13.Ne5 Rc8 14.Qa4 {#r} 1-0

[Event "Olympiad"]
[Site "masterchessopen.com Salonika (Greece)"]
[Round "0"]
[White "Levitina Irina S (USA)"]
[Black "Deghenghi A"]
[Result "1-0"]
[WhiteElo "2295"]
[BlackElo "1905"]

1.d4 Nf6 2.Nf3 e6 3.g3 b6 4.Bg2 Bb7 5.c4 Bb4+ 6.Bd2 Be7 7.Nc3 O-O 8.O-O Na6
9.d5 exd5 10.Nd4 c6 11.cxd5 cxd5 12.Bf4 Nc5 13.Nf5 Nce4 14.Nxe4 Nxe4 15.Bxe4
dxe4 16.Nxe7+ Qxe7 17.Bd6 Qe6 18.Bxf8 Rxf8 19.Qd4 Bc6 20.a4 Qh3 21.a5 b5
22.Qxa7 f5 23.f3 g5 24.Qf2 g4 25.fxe4 Bxe4 26.a6 h5 27.Ra3 b4 28.Re3 Bc6
29.Re7 f4 30.e4 f3 31.Qd2 h4 32.Qg5+ {#r} 1-0

[Event "Ch France"]
[Site "masterchessopen.com France"]
[Round "0"]
[White "Ardiansyah H (INA)"]
[Black "Andruet Gilles (FRA)"]
[Result "0-1"]
[WhiteElo "2430"]
[BlackElo "2410"]

1.Nf3 b6 2.g3 Bb7 3.d4 Nf6 4.c4 e6 5.Bg2 Bb4+ 6.Bd2 a5 7.O-O O-O 8.Bf4 Be7
9.Qc2 Na6 10.Nc3 d5 11.Ne5 Nb4 12.Qd2 Ne4 13.Nxe4 dxe4 14.a3 Na6 15.h4 f6
16.Ng4 h5 17.Nh2 c5 18.Rad1 cxd4 19.Qxd4 e5 20.Qc3 Qc7 21.Be3 a4 22.Qc2 f5
23.f4 Bc5 24.Bxc5 Nxc5 25.Qc3 exf4 26.gxf4 Qe7 27.Kh1 Rad8 28.Bh3 Qxh4 29.Rxd8
Rxd8 30.Bxf5 e3+ {#R} 0-1

[Event "It (cat.13)"]
[Site "masterchessopen.com London (England)"]
[Round "0"]
[White "Polugaevsky Lev A (RUS)"]
[Black "Larsen Bent (DEN)"]
[Result "1-0"]
[WhiteElo "2575"]
[BlackElo "2565"]

1.d4 Nf6 2.c4 e6 3.Nf3 b6 4.g3 Bb7 5.Bg2 Bb4+ 6.Bd2 Be7 7.Nc3 O-O 8.O-O Na6
9.Ne5 Qb8 10.d5 Re8 11.e4 c6 12.Bf4 cxd5 13.Nxd7 Qd8 14.Nxf6+ Bxf6 15.cxd5
exd5 16.exd5 Rc8 17.Nb5 Bxb2 18.Rb1 Be5 19.Bxe5 Rxe5 20.Nxa7 Rb8 21.Nc6 Bxc6
22.dxc6 Qe7 23.Qd7 g6 24.a4 Nc5 25.Qxe7 Rxe7 26.a5 b5 27.Rfd1 Na6 28.Rd7 Kf8
29.Rb7 {#r} 1-0

[Event "It (open)"]
[Site "masterchessopen.com Reykjavik (Iceland)"]
[Round "5"]
[White "Burger Karl (USA)"]
[Black "Arnason Throstur (ISL)"]
[Result "1-0"]
[WhiteElo "2290"]
[BlackElo "2280"]

1.Nf3 Nf6 2.c4 e6 3.g3 b6 4.Bg2 Bb7 5.d4 Bb4+ 6.Bd2 Bxd2+ 7.Qxd2 O-O 8.O-O c5
9.Nc3 cxd4 10.Nxd4 Bxg2 11.Kxg2 d5 12.cxd5 Nxd5 13.Rfd1 Na6 14.Ndb5 Nxc3
15.Qxc3 Qe7 16.Rac1 Rfd8 17.a3 e5 18.b4 h6 19.e4 f6 20.Rd5 Kh8 21.Rcd1 Rxd5
22.exd5 Qd7 23.Qc6 Qg4 24.f3 Qf5 25.g4 Qg5 26.Qc1 Qh4 27.Nd6 Rd8 28.Nf7+ {#r}
1-0

[Event "Ch Bayern (b)"]
[Site "masterchessopen.com Bayern (Germany)"]
[Round "0"]
[White "Meister Peter (GER)"]
[Black "Pollinger Michael"]
[Result "1-0"]
[WhiteElo "2428"]
[BlackElo "2200"]

1.d4 Nf6 2.c4 e6 3.Nf3 b6 4.g3 Bb7 5.Bg2 Bb4+ 6.Bd2 Be7 7.Nc3 O-O 8.Qc2 d5
9.cxd5 exd5 10.O-O Nbd7 11.Rfd1 c5 12.Bf4 Re8 13.Rac1 Ne4 14.Nxe4 dxe4 15.dxc5
Bxc5 16.Ne5 Rxe5 17.Bxe5 Qe7 18.Bd6 Bxd6 19.Qd2 Bxg3 20.Qxd7 {#r} 1-0

[Event "?"]
[Site "masterchessopen.com Kecskemet (Hungary)"]
[Round "0"]
[White "Barbero Gerardo F (ARG)"]
[Black "Zsinka Laszlo (HUN)"]
[Result "1-0"]
[WhiteElo "2441"]
[BlackElo "2395"]

1.d4 Nf6 2.c4 e6 3.Nf3 b6 4.g3 Bb7 5.Bg2 Bb4+ 6.Bd2 Be7 7.Nc3 O-O 8.O-O d5
9.cxd5 exd5 10.Qc2 Na6 11.Rad1 Qc8 12.Rfe1 c5 13.dxc5 bxc5 14.Nh4 g6 15.Bg5
Rd8 16.e4 Nb4 17.Qb1 d4 18.e5 Nfd5 19.Ne4 Bxg5 20.Nxg5 d3 21.e6 f5 22.Nf7 Qc7
23.Nxd8 Rxd8 24.a3 Nc2 25.Rxd3 Nd4 26.Nf3 Ba6 27.Nxd4 Bxd3 28.Qxd3 cxd4
29.Bxd5 {#r} 1-0

[Event "It (open)"]
[Site "masterchessopen.com New York (USA)"]
[Round "0"]
[White "Andruet Gilles (FRA)"]
[Black "Wilder Michael (USA)"]
[Result "1-0"]
[WhiteElo "2370"]
[BlackElo "2505"]

1.d4 Nf6 2.c4 e6 3.Nf3 b6 4.g3 Bb7 5.Bg2 Bb4+ 6.Bd2 a5 7.O-O O-O 8.Bxb4 axb4
9.Nbd2 c5 10.Qb3 Nc6 11.Rfd1 Qe7 12.a3 cxd4 13.axb4 e5 14.b5 Na5 15.Qa3 d6
16.Qb4 e4 17.Nxd4 e3 18.Nf1 exf2+ 19.Kxf2 Ng4+ 20.Kg1 Bxg2 21.Kxg2 Rac8
22.Rac1 Qe4+ 23.Kg1 d5 24.c5 Nc4 25.Qc3 Nce3 {#r} 1-0

[Event "Tournament"]
[Site "masterchessopen.com Stockholm (Sweden)"]
[Round "0"]
[White "Tibell I"]
[Black "Liljedahl Lennart (SWE)"]
[Result "0-1"]
[WhiteElo "2200"]
[BlackElo "2282"]

1.d4 Nf6 2.c4 e6 3.Nf3 b6 4.g3 Bb7 5.Bg2 Bb4+ 6.Nbd2 Be7 7.O-O O-O 8.Qc2 d5
9.Ne5 c5 10.dxc5 bxc5 11.Ndf3 Qb6 12.Bg5 d4 13.g4 a5 14.h4 Ra7 15.h5 a4 16.h6
g6 17.Qc1 Qd8 18.Qf4 Nfd7 19.Rfd1 f6 20.Nxd7 Nxd7 21.Nxd4 fxg5 22.Qe3 Bxg2
23.Nxe6 Qb6 24.Nxf8 Nxf8 25.Kxg2 Bf6 26.Rab1 Rf7 27.Qg3 Qe6 28.e3 Qxc4 29.b3
Qe2 30.Qf3 Qxa2 31.bxa4 Be5 {#R} 0-1

[Event "It (open)"]
[Site "masterchessopen.com Bargteheide (Germany)"]
[Round "2"]
[White "Tabatt Hendrik (GER)"]
[Black "Hartmann Gerald (GER)"]
[Result "1-0"]
[WhiteElo "2293"]
[BlackElo "2285"]

1.d4 Nf6 2.Nf3 e6 3.g3 b6 4.Bg2 Bb7 5.c4 Bb4+ 6.Nbd2 O-O 7.O-O c5 8.dxc5 Bxc5
9.b3 Qe7 10.Bb2 Rd8 11.Qc2 d5 12.cxd5 Nxd5 13.Ne4 Nd7 14.Nxc5 Nxc5 15.Rac1
Rac8 16.Qb1 Nf6 17.Qa1 Nce4 18.Rxc8 Rxc8 19.Rc1 Rxc1+ 20.Qxc1 Ng4 21.Qf4 f5
22.Qb8+ Kf7 23.h3 Ngxf2 24.Ne5+ Kf6 25.Nc6+ {#r} 1-0

[Event "?"]
[Site "masterchessopen.com Belgrade (Yugoslavia)"]
[Round "0"]
[White "Paunovic Dragan (SRB)"]
[Black "Polugaevsky Lev A (RUS)"]
[Result "0-1"]
[WhiteElo "2430"]
[BlackElo "2590"]

1.d4 Nf6 2.c4 e6 3.Nf3 b6 4.g3 Bb7 5.Bg2 Bb4+ 6.Nbd2 O-O 7.O-O d5 8.cxd5 exd5
9.Ne5 Re8 10.Ndf3 Ne4 11.Bf4 Bf8 12.Qc2 c5 13.dxc5 bxc5 14.Rfd1 Qc8 15.Nd3 Na6
16.Ng5 c4 17.Nc1 Nb4 18.Qb1 h6 19.Nxe4 dxe4 20.a3 Nd5 21.Na2 Nxf4 22.gxf4 e3
23.f3 Qc6 24.f5 Qf6 25.Nc3 Rad8 26.Rxd8 Rxd8 27.Qe1 Rd4 28.Rd1 Bd6 {#R} 0-1

[Event "It (cat.7)"]
[Site "masterchessopen.com Budapest (Hungary)"]
[Round "0"]
[White "Lukacs Peter (HUN)"]
[Black "Zsinka Laszlo (HUN)"]
[Result "1-0"]
[WhiteElo "2490"]
[BlackElo "2286"]

1.d4 Nf6 2.c4 e6 3.Nf3 b6 4.g3 Bb7 5.Bg2 Bb4+ 6.Bd2 Be7 7.Nc3 O-O 8.O-O d5
9.cxd5 exd5 10.Qc2 Na6 11.Rfd1 Qd7 12.Rac1 Rfd8 13.Ne5 Qe6 14.Nd3 Qf5 15.Bf4
h6 16.a3 g5 17.Be5 Ne4 18.b4 Nxc3 19.Qxc3 f6 20.b5 fxe5 21.bxa6 Bxa6 22.Nxe5
Bf8 23.Qc6 Bxe2 24.Bxd5+ Kh8 25.Be4 Qxe5 26.dxe5 Bxd1 27.Qg6 {#r} 1-0

[Event "Ch Netherlands"]
[Site "masterchessopen.com Hilversum (Netherlands)"]
[Round "2"]
[White "Blees Albert (NED)"]
[Black "Langeweg Kick (NED)"]
[Result "1-0"]
[WhiteElo "2345"]
[BlackElo "2365"]

1.d4 Nf6 2.c4 e6 3.Nf3 b6 4.g3 Bb7 5.Bg2 Bb4+ 6.Bd2 Be7 7.O-O O-O 8.Nc3 d5
9.Ne5 a5 10.Rc1 Na6 11.cxd5 exd5 12.Bf4 Re8 13.Qc2 c5 14.dxc5 bxc5 15.Rfd1 Qc8
16.a3 d4 17.Qb3 Bxg2 18.Qxf7+ Kh8 19.Qc4 Rf8 20.Kxg2 dxc3 21.Rxc3 Qb7+ 22.Kg1
Rad8 23.Rxd8 Bxd8 24.Rd3 Bb6 25.Rd6 Ne4 26.Rd7 Qa8 27.Nf7+ {#r} 1-0

[Event "It"]
[Site "masterchessopen.com Kecskemet (Hungary)"]
[Round "2"]
[White "Huzman Alexander (ISR)"]
[Black "Raicevic Ivica (SRB)"]
[Result "1-0"]
[WhiteElo "2480"]
[BlackElo "2282"]

1.Nf3 Nf6 2.c4 b6 3.g3 e6 4.Bg2 Bb7 5.d4 Bb4+ 6.Bd2 a5 7.O-O O-O 8.Bg5 Be7
9.Bxf6 Bxf6 10.Nc3 c6 11.e4 Ba6 12.e5 Be7 13.b3 d5 14.exd6 Bxd6 15.Ne5 Qc7
16.f4 Ra7 17.Qe2 b5 18.Rfc1 bxc4 19.bxc4 Re8 20.Ne4 c5 21.Nxf7 Kxf7 22.Qh5+
Kf8 23.f5 exf5 24.Qxf5+ Kg8 25.Qd5+ Kh8 26.Nxd6 Rf8 27.Rf1 Rf6 28.Rae1 Rxf1+
29.Rxf1 Qe7 30.Nf7+ Kg8 31.Nh6+ Kh8 32.Qg8# 1-0

[Event "It (open)"]
[Site "masterchessopen.com Philadelphia (USA)"]
[Round "0"]
[White "Wojtkiewicz Aleksander (USA)"]
[Black "Cid Marino Alejandro (ARG)"]
[Result "1-0"]
[WhiteElo "2475"]
[BlackElo "2340"]

1.Nf3 Nf6 2.c4 e6 3.g3 b6 4.Bg2 Bb7 5.d4 Bb4+ 6.Bd2 Be7 7.Nc3 d6 8.d5 e5 9.O-O
O-O 10.b4 Nbd7 11.e4 Re8 12.Ne1 Bf8 13.Nd3 h6 14.Qc2 Nh7 15.Be3 g6 16.a3 Ba6
17.Qb3 Nhf6 18.a4 Ng4 19.Bd2 Bc8 20.a5 a6 21.f3 Ngf6 22.Be3 Rb8 23.Qc2 Kh7
24.Rfe1 Nh5 25.axb6 cxb6 26.c5 bxc5 27.bxc5 dxc5 28.Na4 Rb5 29.Naxc5 Nxc5
30.Nxc5 Ra5 31.Bf1 f5 32.Ne6 {#r} 1-0

[Event "It (open)"]
[Site "masterchessopen.com Biel (Switzerland)"]
[Round "0"]
[White "Kengis Edvins (LAT)"]
[Black "Gast Jonathan (SUI)"]
[Result "1-0"]
[WhiteElo "2545"]
[BlackElo "2209"]

1.d4 Nf6 2.Nf3 e6 3.g3 b6 4.Bg2 Bb7 5.c4 Bb4+ 6.Nbd2 O-O 7.O-O d5 8.cxd5 exd5
9.a3 Bd6 10.Ne5 c5 11.Ndc4 Be7 12.dxc5 Bxc5 13.b4 Be7 14.Bb2 Na6 15.Ne3 Nc7
16.Rc1 a5 17.Nc6 Bxc6 18.Rxc6 axb4 19.axb4 Qd7 20.Qc2 Na6 21.Rxf6 gxf6 22.Nxd5
Rad8 23.Qf5 {#r} 1-0

[Event "It \"]
[Site "masterchessopen.com Budapest (Hungary)"]
[Round "0"]
[White "Blees Albert (NED)"]
[Black "Savon Vladimir A (UKR)"]
[Result "0-1"]
[WhiteElo "2400"]
[BlackElo "2443"]

1.d4 Nf6 2.c4 e6 3.Nf3 b6 4.g3 Bb7 5.Bg2 Bb4+ 6.Bd2 a5 7.O-O O-O 8.Bg5 Be7
9.Nc3 h6 10.Bxf6 Bxf6 11.e4 g6 12.e5 Bg7 13.d5 Na6 14.Re1 Re8 15.Qd2 exd5
16.cxd5 Nc5 17.Qc2 d6 18.e6 fxe6 19.Qxg6 Qf6 20.Qh5 Nd3 21.Re3 Nxb2 22.Bh3 Na4
23.Bxe6+ Rxe6 24.Rxe6 Qf7 25.Rg6 Nxc3 26.Nd4 Rf8 27.Rxg7+ Qxg7 28.Ne6 Ne2+
29.Kg2 Nf4+ 30.Nxf4 Rxf4 31.Re1 Qf7 32.Qd1 Qxd5+ {#R} 0-1

[Event "Ch Finland (open)"]
[Site "masterchessopen.com Espoo (Finland)"]
[Round "0"]
[White "Manninen Marko (FIN)"]
[Black "Toikka Jussi (FIN)"]
[Result "1-0"]
[WhiteElo "2377"]
[BlackElo "2100"]

1.d4 Nf6 2.c4 e6 3.Nf3 b6 4.g3 Bb7 5.Bg2 Bb4+ 6.Nbd2 Ne4 7.O-O Nxd2 8.Bxd2
Bxd2 9.Qxd2 d6 10.b4 c6 11.e4 d5 12.exd5 cxd5 13.c5 Nd7 14.Rfc1 Bc6 15.a4 b5
16.axb5 Bxb5 17.Ne1 O-O 18.Nc2 Nf6 19.Ra5 a6 20.Na3 Qb8 21.Nxb5 axb5 22.Rca1
Qb7 23.Bf1 Ne4 24.Qb2 Rxa5 25.Rxa5 Ng5 26.h4 Nf3+ 27.Kg2 Ne1+ 28.Kh1 Nf3
29.Qc3 {#r} 1-0

[Event "Cup Arnold"]
[Site "masterchessopen.com Gausdal (Norway)"]
[Round "0"]
[White "Bergsson Snorri (ISL)"]
[Black "Fyllingen Roy Harald (NOR)"]
[Result "1-0"]
[WhiteElo "2230"]
[BlackElo "2391"]

1.d4 Nf6 2.c4 e6 3.Nf3 b6 4.g3 Bb7 5.Bg2 Bb4+ 6.Bd2 a5 7.O-O O-O 8.Bf4 Be7
9.Nc3 Na6 10.Re1 Ne4 11.Nd2 Nxc3 12.bxc3 Bxg2 13.Kxg2 f5 14.h4 Qe8 15.e4 fxe4
16.Rxe4 Qg6 17.Be5 Bf6 18.h5 Qe8 19.Qg4 Bxe5 20.Rxe5 Qf7 21.f4 Rae8 22.Rae1
Nb8 23.h6 g6 24.Nf3 Nc6 25.Rg5 d6 26.Nh4 Kh8 27.Rxg6 hxg6 28.Nxg6+ Kh7
29.Nxf8+ Qxf8 30.f5 Qf6 31.Qe4 Ne7 32.Qxe6 {#r} 1-0

[Event "Regionalliga NordS"]
[Site "masterchessopen.com Germany"]
[Round "0"]
[White "Heinsohn Thomas (GER)"]
[Black "Juergens Peter (GER)"]
[Result "1-0"]
[WhiteElo "2146"]
[BlackElo "2276"]

1.d4 b6 2.Nf3 e6 3.c4 Bb7 4.g3 Nf6 5.Bg2 Bb4+ 6.Bd2 Be7 7.Nc3 c5 8.d5 exd5
9.Nh4 O-O 10.cxd5 d6 11.O-O b5 12.Nxb5 Bxd5 13.Bxd5 Nxd5 14.Nf5 Qd7 15.e4 Qxb5
16.exd5 Re8 17.Qg4 Bf8 18.Nh6+ Kh8 19.Nxf7+ Kg8 20.Nh6+ Kh8 21.Bc3 Qd7 22.Nf5
Qf7 23.Rae1 Na6 24.Re6 Rad8 25.Rfe1 Nc7 26.Re7 Rxe7 27.Rxe7 Qg6 28.Rxg7 Bxg7
29.Bxg7+ Kg8 30.Ne7+ Kxg7 31.Nxg6 hxg6 32.h4 Nxd5 {#r} 1-0